LEADER 02565nam 2200529 450 001 000005089 005 20141210101547.0 010 $a2-251-01347-0$bvol. 1 010 $a2-251-01352-0$bvol. 2 010 $a2-251-01353-9$bvol. 3 100 $a20010205d--------km-y0itay0103----ba 101 2 $alat$afre 102 $aFR 200 1 $aHistoires$dContre les Paiens$fOrose$gtexte établi et traduit par Marie-Pierre Arnaud-Lindet 210 $aParis$c<> belles lettres 215 $a3 volumi$d20 cm. 225 2 $aCollection des universités de France 300 $aTraduzione francese con testo latino a fronte 327 1 $aTome I: livres I-III. - 1990. - CIII, 299 p.$aTome II: livres IV-VI. - 1991. - 281 p.$aTome III: livre VII ; index. - 1991. - 217 p. 410 0$12001$aCollection des universités de France 500 11$aHistoriae adversus paganos / Orosius, Paulus$914207 676 $a239.3$v(22. ed.)$9Polemica contro i pagani e gli idolatri nei tempi apostolici 700 1$aOrosius,$bPaulus$f$0187280 702 1$aArnaud-Lindet,$bMarie-Pierre 801 0$aIT$bUniversità della Basilicata - B.I.A.$gREICAT$2unimarc 912 $a000005089 996 $aHistoriarum adversus paganos libri septem$914207 997 $aUNIBAS CAT $aLOTITO$b01$c20000719$lBAS01$h1235 CAT $aLOTITO$b01$c20000719$lBAS01$h1235 CAT $c20000913$lBAS01$h1426 CAT $c20000920$lBAS01$h1833 CAT $c20001010$lBAS01$h1636 CAT $aDILEO$b01$c20010205$lBAS01$h1246 CAT $c20050601$lBAS01$h1753 CAT $abatch$b01$c20050718$lBAS01$h1048 CAT $c20050718$lBAS01$h1107 CAT $c20050718$lBAS01$h1137 CAT $c20050718$lBAS01$h1152 CAT $aBATCH$b00$c20070503$lBAS01$h1735 CAT $aEXT013$b01$c20141210$lBAS01$h1008 CAT $aEXT013$b01$c20141210$lBAS01$h1015 CAT $aEXT013$b01$c20141210$lBAS01$h1015 FMT Z30 -1$lBAS01$LBAS01$mBOOK$1BASA1$APolo Storico-Umanistico$2DSLF$BCollezione DiSLF$3Class/154 Z$9PSU.878.01 OROh 1$65868$5F5868$820000719$b1$eCIII, 299$f04$FPrestabile Didattica$hTome I: livres I-III. - 1990. - CIII, 299 p. Z30 -1$lBAS01$LBAS01$mBOOK$1BASA1$APolo Storico-Umanistico$2GEN$BCollezione generale$3Class/155$681079$5L81079$820141210$b2$f02$FPrestabile Generale$hTome II: livres IV-VI. - 1991. - 281 p. Z30 -1$lBAS01$LBAS01$mBOOK$1BASA1$APolo Storico-Umanistico$2GEN$BCollezione generale$3Class/156$681080$5L81080$820141210$b3$f02$FPrestabile Generale$hTome III: livre VII ; index. - 1991. - 217 p. LEADER 01018nam a2200277 i 4500 001 991002007009707536 005 20020508184930.0 008 990218s1997 it ||| | ita 035 $ab10945507-39ule_inst 035 $aPARLA152796$9ExL 040 $aDip.to Scienze dell'Antichità$bita 041 0 $aitalat 100 1 $aProbus, Marcus Valerius$0187470 245 10$aAppendix Probi :$b4. /$ca cura di Fabio Stok 260 $aNapoli :$bArte tipografica,$c1997 300 $a214 p. ;$c21 cm. 490 0 $aUniversità degli studi di Salerno. Quaderni del Dipartimento di Scienze dell'antichità ;$v18 500 $aTesto latino. 650 4$aProbo, Marco Valerio 700 1 $aStok, Fabio 907 $a.b10945507$b23-02-17$c28-06-02 912 $a991002007009707536 945 $aLE007 870.1 Probus STO 01.501$g1$i2015000031013$lle007$o-$pE0.00$q-$rl$s- $t0$u0$v0$w0$x0$y.i11052740$z28-06-02 996 $aAppendix Probi$9919244 997 $aUNISALENTO 998 $ale007$b01-01-99$cm$da $e-$fita$git $h0$i1